| 000 | 00333nam a22001337a 4500 | ||
|---|---|---|---|
| 020 | _a9788188719259 | ||
| 040 | _cNUST | ||
| 082 | _a658.4034 AGA | ||
| 100 |
_aAgarwal, N. P _9114102 |
||
| 245 | _aOperations Research | ||
| 260 |
_aNew Delhi: _bIndus Valley Publications, _c2005. |
||
| 650 | _aOperations Research | ||
| 942 |
_2ddc _cBK |
||
| 999 |
_c595497 _d595497 |
||